| 000 | 00345nam a22001337a 4500 | ||
|---|---|---|---|
| 008 | 250320b |||||||| |||| 00| 0 eng d | ||
| 020 | _a9781544805 | ||
| 050 |
_aPL8821 _b.O43 |
||
| 100 | _aOLATUNJI Olatunde O. | ||
| 245 | _aFeutures of Yoruba Oral Poetry | ||
| 260 |
_aIbadan _bUniversity Press Ltd. _c1984 |
||
| 300 | _axiii, 267p. | ||
| 942 | _cBK | ||
| 999 |
_c2504 _d2504 |
||